00938nam a2200181 i 450000100060000000300090000600500170001500700030003200800410003524501220007626000780019830000220027650002530029871000470055185200210059899900170061995201200063620826ES-MaACL20250828083958.0t|021119s1934 sz ||||1| fre d02aL'Admission aux écoles secondaires d'après les données fournies par les ministères de l'instruction publique. aGeneve : bBureau International d'Education, c1934 (fLyon Bosch freres) a222 p. ; c24 cm. aEn la cubierta: IIIe conférence internationale de l'instruction publique. Genève 1934. L'admission aux écoles secondaires (Troisième question à l'ordre du jour). - Numéro des "Publications du Bureau international d'éducation", n° 34.20aOficina Internacional de Educación96022 aES-MaACLjA-2954 c20826d20826 00104070aATENEOMbATENEOMcSPP1d2008-01-17eSCl0oA-2954p1021388r2023-02-23 00:00:00w2023-02-23yMONOGRAFIA